000 01634cas a2200433 a 4500
001 data
005 20260322212106.0
008 data
010 _a 2007391245
019 _a226070698
022 _a0973-5232
023 0 _a0973-5232
025 _aI-E-E-2007-391245; 71-01
029 1 _aAU@
_b000041575581
035 _a(OCoLC)123630565
040 _aDLC
_beng
_cDLC
_dOCLCQ
_dOCLCQ
_dOCLCF
_dOCLCO
_dOCLCA
_dOCLCL
_dOCLCQ
042 _apcc
043 _aa-ii---
050 0 0 _aKNS3793.6
_b.I58
245 0 0 _aInternational journal of crime, criminal justice, and law.
260 _aNew Delhi :
_bSerials Publications,
_c2006-
300 _av. ;
_c25 cm.
310 _aSemiannual
362 0 _aVol. 1, issue 1 (June 2006)-
500 _aTitle from cover.
650 0 _aCriminal law
_zIndia.
650 0 _aCriminal law.
650 7 _aCriminal law.
_2fast
_0(OCoLC)fst00883328
651 7 _aIndia.
_2fast
_0(OCoLC)fst01210276
_1https://id.oclc.org/worldcat/entity/E39PBJmdx47cDXrRhBXHtbvPwC
710 2 _aSerials Publications (Firm : Delhi, India)
_1https://id.oclc.org/worldcat/entity/E39QH7JmrTqKCxrWVTh6gg6wxt
859 0 1 _umailto:[email protected]
859 4 1 _uhttp://www.serialspub.com
906 _a7
_bcbc
_cserials
_d3
_encip
_f20
_gn-oclcserc
925 0 _aAcquire
_b1 shelf copy
_xNew Delhi Field Office
955 _ddd77 2007-07-24
_edd77 2007-07-24 to LAW
_edd77 2007-07-24 to LAW
592 _aAcquired via LC overseas office. New Delhi Field Office. Most recent issues may not yet be available in LC Washington.
999 _c1557
_d1557